Jewish Groups of Things - Statistics

General Stats
  • This quiz has been taken 62 times
  • The average score is 24 of 53
Answer Stats
Hint Answer % Correct
Holy Cities Jerusalem
93%
Countries with the Most Jews United States
91%
Books of the Torah Genesis
89%
Countries with the Most Jews Israel
89%
Patriarchs Jacob
89%
Books of the Torah Exodus
80%
12 Tribes of Israel Levi
78%
Countries with the Most Jews France
76%
Books of the Torah Leviticus
73%
Countries with the Most Jews United Kingdom
73%
Kings of Ancient Israel Solomon
71%
Kings of Ancient Israel David
69%
Denominations Orthodox
69%
High Holidays Yom Kippur
69%
Patriarchs Abraham
67%
Countries with the Most Jews Canada
67%
Books of the Torah Numbers
67%
High Holidays Rosh Hashanah
64%
Books of the Torah Deuteronomy
62%
Denominations Reform
60%
Matriarchs Sarah
53%
Patriarchs Isaac
51%
Denominations Conservative
47%
Matriarchs Leah
44%
Matriarchs Rachel
42%
12 Tribes of Israel Benjamin
40%
Matriarchs Rebecca
40%
Kings of Ancient Israel Saul
40%
12 Tribes of Israel Joseph
38%
Holy Cities Hebron
33%
12 Tribes of Israel Reuben
33%
12 Tribes of Israel Judah
31%
12 Tribes of Israel Dan
29%
Holy Cities Safed
29%
12 Tribes of Israel Asher
24%
Months of the Hebrew Calender Adar
22%
12 Tribes of Israel Gad
22%
Months of the Hebrew Calender Kislev
22%
12 Tribes of Israel Naphtali
22%
Holy Cities Tiberias
22%
Months of the Hebrew Calender Av
20%
12 Tribes of Israel Issachar
20%
Months of the Hebrew Calender Iyar
20%
12 Tribes of Israel Simeon
20%
12 Tribes of Israel Zebulun
20%
Months of the Hebrew Calender Elul
18%
Months of the Hebrew Calender Nisan
18%
Months of the Hebrew Calender Sivan
18%
Months of the Hebrew Calender Tevet
18%
Months of the Hebrew Calender Tishrei
18%
Months of the Hebrew Calender Cheshvan
16%
Months of the Hebrew Calender Shevat
16%
Months of the Hebrew Calender Tammuz
16%
No matching quizzes found
Score Distribution
Percent of People with Each Score
Percentile by Number Answered
Your Score History
You have not taken this quiz